000 00212nmm a2200085Ia 4500
008 150209s2015||||xx |||||||||||||||||und||
100 _aGERA,RANI
245 _aSTEP BY STEP PEDIATRIC ECHOCARDIOGRAPHY
942 _2ddc
_cCD
999 _c5918
_d5918